| 000 | 01027cam a2200289 i 4500 | ||
|---|---|---|---|
| 001 | 26110 | ||
| 003 | BD-RjUL | ||
| 005 | 20211209050955.0 | ||
| 008 | 140320s1975 ii abfj b 001 0 eng | ||
| 020 | _a0842606181 : | ||
| 035 | _a(BD-RjUL)26180 | ||
| 040 |
_aDLC _cDLC _dDLC _beng |
||
| 041 | _aeng | ||
| 082 | 0 | 0 |
_a954 _bSHE 1975 |
| 100 | 1 |
_aSharma, Dasharatha, _d1903- _980247 |
|
| 245 | 1 | 0 |
_aEarly Chauhān dynasties : _ba study of Chauhān political history, Chauhān political institutions, and life in the Chauhān dominions, from 800 to 1316 A.D. / _cDasharatha Sharma ; with a foreword by K. M. Panikkar. |
| 250 | _a2d rev. ed. | ||
| 260 |
_aDelhi : _bMotilal Banarsidass, _c1975. |
||
| 300 |
_axxix, 407 p., [2] leaves of plates : _bill., geneal. tables, map. ; _c22 cm. |
||
| 500 | _aIncludes inscriptions in Sanskrit. | ||
| 500 | _aIncludes index. | ||
| 504 | _aBibliography: p. [377]-392. | ||
| 600 | 3 | 0 |
_aChauhan dynasties. _980249 |
| 942 |
_2ddc _cBK |
||
| 999 |
_c26110 _d26110 |
||